| 000 | 00440nam a2200133Ia 4500 | ||
|---|---|---|---|
| 008 | 160809s9999 xx 000 0 und d | ||
| 100 | _aPeng, Hongbing. | ||
| 245 | _aManaging Divergence in EFL Doctoral Education of a Chinese University | ||
| 245 | _cHongbing Peng | ||
| 260 | _bStudies in Media and Communication | ||
| 260 | _cDecember 2016 | ||
| 650 | _xCOMMUNICATION | ||
| 856 | _uhttp://redfame.com/journal/index.php/smc/issue/current | ||
| 999 |
_c299980 _d299980 |
||